000 00461nam a2200169 4500
001 111199
003 ES-MaACL
005 20230906185248.0
007 t|
008 061121s1967 sp r ||||1| spa d
245 0 0 _aNefrología /
_cpor Jean Hamburger [et al.].
250 _a1ª ed.
260 _aBarcelona :
_bToray,
_c1967.
300 _a2 v., 14 lám. :
_bil. ;
_c25 cm.
700 1 _aHamburger, Jean.
_961641
852 _aES-MaACL
_jC-33569-70
_bR.64134
999 _c111199
_d111199